ضريبة الإستهلاك بين النص و التطبيق / (رقم التسجيلة. 4149)

تفاصيل مارك
000 -LEADER
fixed length control field 00587nam a22001937a 4500
005 - DATE AND TIME OF LATEST TRANSACTION
control field 20251108164123.0
008 - FIXED-LENGTH DATA ELEMENTS--GENERAL INFORMATION
fixed length control field 250721s1982 xx 000 0 ara d
082 14 - DEWEY DECIMAL CLASSIFICATION NUMBER
Classification number 336.2044/فؤا
100 1# - MAIN ENTRY--PERSONAL NAME
Personal name محمد، فؤاد جابر
Relator term إعداد
245 10 - TITLE STATEMENT
Title ضريبة الإستهلاك بين النص و التطبيق /
264 ## - PRODUCTION, PUBLICATION, DISTRIBUTION, MANUFACTURE, AND COPYRIGHT NOTICE
Date of production, publication, distribution, manufacture, or copyright notice 1982.
300 ## - PHYSICAL DESCRIPTION
Extent 334ص
650 17 - SUBJECT ADDED ENTRY--TOPICAL TERM
Topical term or geographic name as entry element ضريبة الإستهلاك
650 17 - SUBJECT ADDED ENTRY--TOPICAL TERM
Topical term or geographic name as entry element التعرفة الجمركية
700 1# - ADDED ENTRY--PERSONAL NAME
Personal name الجندي، محمود عواد
700 1# - ADDED ENTRY--PERSONAL NAME
Personal name جارح، جميل بولس
942 ## - ADDED ENTRY ELEMENTS (KOHA)
Source of classification or shelving scheme Dewey Decimal Classification
Koha item type كتب
المقتنيات
حالة السحب حالة الفقدان مصدر التصنيف حالة التلف غير قابل للإعارة المكتبة الرئيسية المكتبة الحالية موقع الرف تاريخ التزويد الرقم المتسلسل Total Checkouts رقم الإستدعاء تاريخ آخر ظهور تاريخ الفاتورة نوع المادة (كوها)
    Dewey Decimal Classification Unchecked   مكتبة النصر العامة مكتبة النصر العامة الإعارة 12/07/2004 1362   336.2044/فؤا 28/07/2025 12/07/2004 كتب
Implemented & Customized by: BBB with SCIT (Smart Chains for Information Technology)

Powered by Koha